U.S. National parks by picture - Statistics

General Stats
  • This quiz has been taken 695 times
  • The average score is 15 of 28
Answer Stats
Picture Answer % Correct
Yellowstone
88%
Everglades
78%
Denali
76%
Joshua Tree
76%
Yosemite
75%
Arches
73%
Acadia
72%
Crater Lake
67%
Bryce Canyon
66%
Mammoth Cave
64%
Badlands
63%
Redwood
61%
Hawai'i Volcanoes
55%
White Sands
54%
Zion
53%
Dry Tortugas
51%
Great Smoky Mountains
48%
Saguaro
48%
New River Gorge
39%
Theodore Roosevelt
38%
Mount Rainier
37%
Black Canyon of the Gunnison
34%
Channel Islands
34%
Glacier Bay
32%
American Samoa
30%
Pinnacles
24%
Capitol Reef
23%
Grand Teton
22%
No matching quizzes found
Score Distribution
Percent of People with Each Score
Percentile by Number Answered
Your Score History
You have not taken this quiz